Thực hành dịch
Uloženo v:
| Hlavní autor: | |
|---|---|
| Médium: | Kniha |
| Jazyk: | French |
| Vydáno: |
2008
|
| Témata: | |
| Tagy: |
Přidat tag
Žádné tagy, Buďte první, kdo otaguje tento záznam!
|
| Thư viện lưu trữ: | Mạng thư viện Đại học Đà Nẵng |
|---|
| LEADER | 00999cam a22003251a 4500 | ||
|---|---|---|---|
| 001 | 000036244 | ||
| 003 | 12539 | ||
| 005 | 20160329000000.0 | ||
| 008 | 160329s2008 000 fre | ||
| 041 | |a fre | ||
| 082 | |a 448.2 |b NG-T | ||
| 100 | |a Nguyễn Thị Thu Trang | ||
| 245 | |a Thực hành dịch |c Nguyễn Thị Thu Trang | ||
| 260 | |c 2008 | ||
| 300 | |a 29tr . : mh ; 30cm | ||
| 650 | |a Thực hành dịch | ||
| 852 | |b Chuyên đề |c Giáo trình | ||
| OWN | |a LNN | ||
| AVA | |a UDN50 |b LNN |d 448.2 NG-T |e available |t Error 5001 Not defined in file expand_doc_bib_avail. |f 1 |g 0 |h N |i 0 |k 1 | ||
| 999 | |a From the UDN01 | ||
| AVA | |a UDN50 |b LNN |d 448.2 NG-T |e available |t Error 5001 Not defined in file expand_doc_bib_avail. |f 1 |g 0 |h N |i 0 |k 1 | ||
| TYP | |a Monograph | ||
| TYP | |a Printed language | ||
| 980 | |a Mạng thư viện Đại học Đà Nẵng | ||